000 01126nam a2200313 i 4500
003 EG-GICUC
005 20260314094840.0
008 260129s1970 ua |||fr|||| 00| 0 ara d
040 _a EG-GICUC
_bara
_c EG-GICUC
_d EG-GICUC
_erda
041 0 _aAra
082 0 4 _221
_a343
_bع ل . م
092 0 4 _221
099 _aLaw1 10 343 ع ل . م 1970
100 0 _aعلى راشد
_eمؤلف.
245 1 2 _aالمدخل إلى دراسة القانون الجنائى /
_cتأليف الدكتور على راشد.
264 1 _a[مكان النشر غير محدد] :
_bمكتبة سيد عيد ابن وهبه،
_c1970.
264 3 _aالقاهرة :
_bمطبعة المدنى
300 _a193 صفحة؛
_c24 سم.
336 _2rda content
_atext
337 _2rda media
_aComputer
338 _2rda carrier
_aOnline Resource
546 _aالنص باللغة العربية
650 1 _aالعلوم الجنائية
_2qrmak
650 1 _aالقانون الجنائى
_2qrmak
651 1 _2qrmak
856 4 0 _uhttps://fll.law.cu.edu.eg/fulltext/bks/B10-08743.pdf
905 _a54
942 _2ddc
_cBK
_e21
_n0
999 _c60039
_d60039